Astérix - Compléter les noms 2 - Statistiques

Statistiques générales
  • Ce quiz a été pris 61 fois
  • Le résultat moyen est 4 sur 15
Statistiques - réponses
Nom partiel Complément % Correct
Vercin******* gétorix
90%
septante*** six
55%
*****nitrix acide
49%
*****bégalix aplus
43%
Pato***** logix
29%
*****élastix moral
29%
****za cori
27%
***filtre bou
24%
Perca**** line
20%
Adicto***** sérix
16%
****tecnix pyro
14%
******polémix double
12%
Al***** ambix
10%
********chimix industri
8%
Her*** pès
6%
Aucun quiz correspondant
Distribution des résultats
% des personnes avec chaque résultat
Percentile par nombre de réponses
Votre historique - résultats
Vous n’avez pas pris ce quiz